000 00648nam a2200193 4500
999 _c160523
_d160523
005 20190213113858.0
010 _aENG-124721
020 _a9789384294137
_c325.00
035 _aEN-108253
037 _bDBAD/PUB
082 _a571.6
100 _aIslam, Aminul
245 _aEssential of cell biology/
_cby Aminul Islam
260 _aKolkata
_bArunabha Sen
_c2018
270 _aBooks and Allied (P) Ltd., 8/1, Chintamoni Das Lane
_bKolkata
_e700009
_k8961053844, 8274085530
_mbooksandallied1960@gmail.com, booksmktng@gmail.com
300 _aviii,403p.
_c23cm(pbk)
500 _aIncludes Index
942 _2ddc
_cEN
_e1
_h571.6
_mISL